| 000 | 00396nam a2200157Ia 4500 | ||
|---|---|---|---|
| 008 | 230524s9999 xx 000 0 und d | ||
| 082 |
_a612 _bCHA |
||
| 100 | _aChandi Charan Chatterjee | ||
| 245 | 0 | _aHuman Physiology Vol -I | |
| 250 | _a11TH | ||
| 260 |
_aKOLKATA _bMedical Allied Agency _c2006 |
||
| 300 | _aVIII;1024 | ||
| 500 | _aQuantity Number: 5 | ||
| 650 | _aBiomedical | ||
| 942 | _cBK | ||
| 999 |
_c37359 _d37359 |
||